Teuken (Registro nro. 8597)
[ vista simple ]
| 000 -LEADER | |
|---|---|
| fixed length control field | 00854nas a2200229 454500 |
| 001 - CONTROL NUMBER | |
| control field | 26150 |
| 005 - DATE AND TIME OF LATEST TRANSACTION | |
| control field | 20260407193506.0 |
| 008 - FIXED-LENGTH DATA ELEMENTS--GENERAL INFORMATION | |
| fixed length control field | 260407s1987####ag###########|||spa#d |
| 003 - CONTROL NUMBER IDENTIFIER | |
| control field | AR-UNSa-BCEJYS |
| 040 ## - CATALOGING SOURCE | |
| Original cataloging agency | AR-UNSa-BCEJYS |
| Language of cataloging | spa |
| Transcribing agency | AR-UNSa-BCEJYS |
| 080 ## - UNIVERSAL DECIMAL CLASSIFICATION NUMBER | |
| Universal Decimal Classification number | 657 |
| Common auxiliary subdivision | Contabilidad |
| 100 1# - MAIN ENTRY--PERSONAL NAME | |
| Personal name | Gil, Jorge Manuel |
| 245 10 - TITLE STATEMENT | |
| Title | Teuken |
| Name of part/section of a work | Revista de Investigación contable |
| 264 #1 - PRODUCTION, PUBLICATION, DISTRIBUTION, MANUFACTURE, AND COPYRIGHT NOTICE | |
| Place of production, publication, distribution, manufacture | Chubut : |
| Name of producer, publisher, distributor, manufacturer | Universidad Nacional de la Patagonia San Juan Bosco |
| Date of production, publication, distribution, manufacture, or copyright notice | 1987 |
| 310 ## - CURRENT PUBLICATION FREQUENCY | |
| Current publication frequency | Frecuencia: trimestral |
| 590 ## - LOCAL NOTE (RLIN) | |
| Local note | niveau_biblio:s niveau_hierar:1 |
| 650 ## - SUBJECT ADDED ENTRY--TOPICAL TERM | |
| Topical term or geographic name entry element | CONTABILIDAD |
| 650 ## - SUBJECT ADDED ENTRY--TOPICAL TERM | |
| Topical term or geographic name entry element | Investigación económica |
| 700 1# - ADDED ENTRY--PERSONAL NAME | |
| Personal name | Universidad Nacional de la Patagonia San Juan Bosco. Facultad de Ciencias Económicas |
| 856 41 - ELECTRONIC LOCATION AND ACCESS | |
| Uniform Resource Identifier | <a href="https://biblioeco.unsa.edu.ar/pmb/images/revistas/Revista de Investigacion Contable.jpg">https://biblioeco.unsa.edu.ar/pmb/images/revistas/Revista de Investigacion Contable.jpg</a> |
| Link text | Imagen de portada |
| Electronic format type | image/jpeg |
| 942 ## - ADDED ENTRY ELEMENTS (KOHA) | |
| Koha item type | |
| Withdrawn status | Lost status | Damaged status | Not for loan | Home library | Current library | Shelving location | Date acquired | Serial enumeration / chronology | Total checkouts | Full call number | Barcode | Date last seen | Price effective from | Koha item type |
|---|---|---|---|---|---|---|---|---|---|---|---|---|---|---|
| Biblioteca Prof. Eusebio Cleto del Rey | Biblioteca Prof. Eusebio Cleto del Rey | 01/04/1989 | Nº 6 - abr. 1989 | H657 TEU 6 | R12517 | 10/04/2026 | 10/04/2026 | Numero | ||||||
| Biblioteca Prof. Eusebio Cleto del Rey | Biblioteca Prof. Eusebio Cleto del Rey | 01/01/1989 | Nº 5 - ene. 1989 | H657 TEU 5 | R12516 | 10/04/2026 | 10/04/2026 | Numero | ||||||
| Biblioteca Prof. Eusebio Cleto del Rey | Biblioteca Prof. Eusebio Cleto del Rey | 01/10/1988 | Nº 4 - oct. 1988 | H657 TEU 4 | R12515 | 10/04/2026 | 10/04/2026 | Numero | ||||||
| Biblioteca Prof. Eusebio Cleto del Rey | Biblioteca Prof. Eusebio Cleto del Rey | 01/07/1988 | Nº 3 - jul. 1988 | H657 TEU 3 | R12514 | 10/04/2026 | 10/04/2026 | Numero | ||||||
| Biblioteca Prof. Eusebio Cleto del Rey | Biblioteca Prof. Eusebio Cleto del Rey | 01/04/1988 | Nº 2 - abr. 1988 | H657 TEU 2 | R12513 | 10/04/2026 | 10/04/2026 | Numero | ||||||
| Biblioteca Prof. Eusebio Cleto del Rey | Biblioteca Prof. Eusebio Cleto del Rey | 01/01/1988 | Nº 1 - ene. 1988 | H657 TEU 1 | R12512 | 10/04/2026 | 10/04/2026 | Numero | ||||||
| Biblioteca Prof. Eusebio Cleto del Rey | Biblioteca Prof. Eusebio Cleto del Rey | 01/12/1987 | Nº 0 - dic. 1987 | H657 TEU 0 | R12508 | 10/04/2026 | 10/04/2026 | Numero |